| 000 | 00900cam a22002897a 4500 | ||
|---|---|---|---|
| 003 | CHAP | ||
| 005 | 20220329132954.0 | ||
| 008 | 971013s1989 r 00010 d | ||
| 010 | _a821 | ||
| 011 | _a1793 | ||
| 035 | _a970 | ||
| 040 | _cCHAP | ||
| 090 | _aFolleto 12524 | ||
| 100 | 0 | 0 |
_aLozoya Saldaña, Héctor. _968826 |
| 245 | 1 | 0 | _aDiagnóstico de enfermedades de plantas |
| 260 |
_aChapingo, Méx. : _bUACH. Departamento de Fitotecnia, _c1989 |
||
| 300 | _a76 p. | ||
| 590 |
_aBATCH-UPD _b10 _c20130110 _lUCH01 _h0314 |
||
| 590 |
_aBATCH-UPD _b10 _c20130110 _lUCH01 _h1953 |
||
| 590 |
_aBATCH-UPD _b10 _c20130409 _lUCH01 _h2346 |
||
| 590 |
_aBATCH-UPD _b10 _c20130914 _lUCH01 _h1413 |
||
| 590 |
_aCONVERSION _b10 _c20130109 _lUCH01 _h1302 |
||
| 650 | 1 | 4 |
_aFitopatología _xBibliografía. _941162 |
| 901 | _aBK | ||
| 942 | _cFOLL | ||
| 949 |
_aFolleto 12524 _bBC _cFOLL _d-10431 _eUACH _gI. c/e _i970 _si _t7.00 |
||
| 999 |
_c821 _d821 |
||